000 00720nam a2200253Ia 4500
003 OSt
005 20220927104208.0
006 a|||||r|||| 00| 0
007 ta
008 220926b |||||||| |||| 00| 0 eng d
024 _a97668
037 _cReference Collections
040 _aRTL
_cRTL
_beng
041 _2eng
_aeng
082 _a"X9(J):75, N3/UN"
110 _aFOOD AND AGRICULTURAL ORGANIZATION.
245 0 _aGuidelines for land use planning
260 _aRome
_bFood and Agriculture Organization.
_c1993
300 _a96p.
_ccm.
650 _aPlanning
700 _aFOOD AND AGRICULTURAL ORGANIZATION.
942 _h"X9(J):75, N3/UN"
_cCC
999 _c686398
_d686398